000 00547nam a2200217Ia 4500
008 170203s9999 xx 000 0 und d
020 _a9789710495870
050 _a260
050 _b.H628l 2009
100 _aHickman, Claude.
245 _aLive life on purpose :
245 _bGod's Purpose. Your life. One Journey /
245 _cClaude Hickman
260 _aQuezon City :
260 _bOMF Literature Inc.
260 _c2009
300 _a192 pages ;
300 _c22 cm.
500 _aforetold by Todd Ahrend.
650 _aLife
999 _c305419
_d305419